La retórica del periodismo y otras retóricas (Record no. 865380)
[ view plain ]
| 000 -CABECERA | |
|---|---|
| Campo de control de longitud fija | 00650nam a2200205 4500 |
| 001 - NÚMERO DE CONTROL | |
| Campo de control | VA79555 |
| 003 - IDENTIFICADOR DEL NÚMERO DE CONTROL | |
| Campo de control | ES-SlBCS |
| 005 - FECHA Y HORA DE LA ÚLTIMA TRANSACCIÓN | |
| Campo de control | 20210327231311.0 |
| 008 - CÓDIGOS DE INFORMACIÓN DE LONGITUD FIJA | |
| Campo de control de longitud fija | 180207s1985 sp ||||| |||| 00| 0 spa d |
| 017 ## - NÚMERO DE COPYRIGHT O DE DEPÓSITO LEGAL | |
| Número de copyright o de depósito legal | M-14872-1985 |
| Agencia que asigna el número | Oficina Depósito Legal de Madrid |
| 020 ## - NÚMERO INTERANCIONAL NORMALIZADO PARA LIBROS (ISBN) | |
| Número Internacional Normalizado para Libros (ISBN) | 8423916545 |
| 040 ## - FUENTE DE LA CATALOGACIÓN | |
| Centro catalogador del origen | ES-SlBCS |
| Lengua de catalogación | spa |
| Normas de descripción | rdc |
| 100 1# - PUNTO DE ACCESO PRINCIPAL-NOMBRE DE PERSONA | |
| Nombre de persona | Ayala, Francisco |
| Fechas asociadas al nombre | , 1906-2009 |
| 9 (RLIN) | 126055 |
| 245 13 - MENCIÓN DE TÍTULO | |
| Título | La retórica del periodismo y otras retóricas |
| Mención de responsabilidad, etc. | Francisco Ayala ; prólogo de Rafael Lapesa |
| 260 ## - PUBLICACIÓN, DISTRIBUCIÓN, ETC... (PIE DE IMPRENTA) | |
| Lugar de publicación, distribución, etc. | Madrid : |
| Nombre del editor, distribuidor, etc. | Espasa-Calpe |
| Fecha de publicación, distribución, etc. | , D.L. 1985 |
| 300 ## - DESCRIPCIÓN FÍSICA | |
| Extensión | 181 p. ; |
| Dimensiones | 18 cm |
| 490 ## - MENCIÓN DE SERIE | |
| Mención de serie | Austral |
| Designación de volumen o secuencia | , 1654 |
| 700 1# - PUNTO DE ACCESO ADICIONAL-NOMBRE DE PERSONA | |
| Nombre de persona | Lapesa, Rafael |
| 9 (RLIN) | 35331 |
| 942 ## - ENTRADA DE ELEMENTOS AGREGADOS (KOHA) | |
| Fuente de clasificaión o esquema | |
| Koha [por defecto] tipo de item | Libros |
| Suprimido | Perdido | Fuente de clasificación o esquema | Estropeado | No para préstamo | Localización permanente | Localización actual | Localización en estantería | Fecha adquisición | Préstamos totales | Signatura completa | Número de Registro / Código de Barras | Fecha última consulta | Fecha del precio de reemplazo | Tipo de item de Koha |
|---|---|---|---|---|---|---|---|---|---|---|---|---|---|---|
| San Esteban | San Esteban | Valladolid | 07/02/2018 | AUS/1654 | VA79555 | 07/02/2018 | 07/02/2018 | Libros |
